000 00436nam a2200145Ia 4500
008 230917s9999||||xx |||||||||||||| ||und||
040 _e23223
_aMAIN
041 _aEnglish
082 _a338.6 R72I
100 _aRosen, George
245 0 _aIndustrial change in India: Industrial growth, capital requirements and technological change, 1937-1955
260 _aBombay
_bAsia Publishing House
_c1961
300 _axxi, 202 p.
942 _cBK
999 _c92217
_d92217